Reclaiming reality (Registro nro. 305283)

Detalles MARC
000 -ENCABEZADO
Número de control [NR] 00964cam a2200265 a 4500
005 - FECHA Y HORA DE LA ÚLTIMA TRANSACCIÓN
control field 20161129072543.0
008 - DE LONGITUD FIJA DE DATOS DE ELEMENTOS - INFORMACIÓN GENERAL
Elementos de longitud fija [NR] 161129s2011 enka fr 001 0 eng d
010 ## - NUMERO DE CONTROL DE LA BIBLIOTECA DEL CONGRESO (LC) [NR]
Número de control LC [NR] 2010924630
020 ## - NUMERO INTERNACIONAL NORMALIZADO PARA LIBROS [R]
Número Internacional Normalizado del libro [NR] 9780415454933
040 ## - FUENTE DE CATALOGACION [NR]
Agencia de catalogación original [NR] CO-BoUCM
Quien Cataloga Sandra Palacio
Quien Clasifica Sandra Palacio
041 0# - CODIGO DE IDIOMA [R]
Código de idioma para texto/pista de sonido o título separado [R] Inglés
100 1# - ASIENTO PRINCIPAL--NOMBRE PERSONAL [NR]
Nombre personal [NR] Bhaskar, Roy
Fechas asociadas con el nombre [NR] 1944-
ID Autoridad 82292
245 10 - MENCION DE TITULO [NR]
Título [NR] Reclaiming reality
Parte restante del título [NR] a critical introduction to contemporary philosophy
Mención de responsabilidad, etc. [NR] Roy Bhaskar ; con nueva introducción por Mervyn Hartwig
260 ## - PUBLICACION, DISTRIBUCION, ETC. (PIE DE IMPRENTA) [R]
Lugar de publicación, distribución, etc. [R] Londres (Inglaterra)
Nombre del editor, distribuidor, etc. [R] Routledge
Fecha de publicación, distribución, etc. [R] 2011
300 ## - DESCRIPCION FISICA [R]
Extensión [R] xvii, 218 páginas
Otros detalles físicos [NR] ilustraciones
504 ## - NOTA DE BIBLIOGRAFIA, ETC. [R]
Nota de bibliografía, etc. [NR] Incluye referencias bibliográficas e índices
650 17 - ASIENTO SECUNDARIO DE MATERIA - TERMINO TEMATICO [R]
9 (RLIN) 23119
Término temático o nombre geográfico como elemento de entrada [NR] Realismo
Subdivisión general [R] Filosofía
650 27 - ASIENTO SECUNDARIO DE MATERIA - TERMINO TEMATICO [R]
9 (RLIN) 20750
Término temático o nombre geográfico como elemento de entrada [NR] Ontología
650 27 - ASIENTO SECUNDARIO DE MATERIA - TERMINO TEMATICO [R]
9 (RLIN) 23022
Término temático o nombre geográfico como elemento de entrada [NR] Racionalismo
650 27 - ASIENTO SECUNDARIO DE MATERIA - TERMINO TEMATICO [R]
9 (RLIN) 403
Término temático o nombre geográfico como elemento de entrada [NR] Teoría del conocimiento
690 ## - ASUNTO AGREGADO LOCAL DE ENTRADA - TÉRMINO TEMÁTICO (OCLC, RLIN)
Acceso temático local Filosofía
9 (RLIN) 75
700 1# - ASIENTO SECUNDARIO - NOMBRE PERSONAL [R]
Nombre personal [NR] Hartwig, Mervyn
9 (RLIN) 82294
942 ## - ELEMENTOS DE ENTRADA AGREGADOS (KOHA)
Tipo de ítem principal el descrito en 300a Libro de reserva
Sistema de clasificación DEWEY
Tema principal Filosofía
Edición 1
Clasificación 149.2
Parte restante de la signatura top. B575r
Existencias
Signatura topográfica Código de barras Última vez visto Ejemplar Costo de reposición Price effective from Tipo de ítem Perdido Sistema de clasificación Dañado No prestable Tipo de ítem específico Suprimido Ubicación habitual Ubicación actual Localización Fecha de creación Proveedor Forma de adquisición Costo Total préstamos
149.2 B575r 100151877 05/12/2025 Ej.1 119260.00 21/11/2016 Libro   DEWEY     Libro   Claustro Claustro 2do piso 21/11/2016 19 Compra 119260.00  
149.2 B575r 100151878 05/12/2025 Ej.2 119260.00 21/11/2016 Libro   DEWEY     Libro   Claustro Claustro 2do piso 21/11/2016 19 Compra 119260.00